000 00297nam a2200121Ia 4500
008 190216s9999||||xx |||||||||||||| ||und||
100 _aHazlitt&Amp;Bagehot
245 0 _aCowper Poetry &prose
260 _bOxford University Press
_c1960
300 _a185p
650 _aEnglish Essay
942 _cBK
999 _c11973
_d11973